Malá encyklopédia poistenia a poisťovníctva s cudzojazyčnými ekvivalentami

Recenzia publikácie: Chovan, Pavel - Čejková, Viktória: Malá encyklopédia poistenia a poisťovníctva s cudzojazyčnými ekvivalentami (Bratislava, Elita1995. 352 s.). Vysvetlenie základnej terminológie - 1 500 odborných hesiel z oblasti poisťovníctva a príbuzných odborov. Prvá časť je výkladová, druhá...

Descrizione completa

Salvato in:
Dettagli Bibliografici
Autore principale: Drugdová, Barbora
Natura: Capitolo di libro
Lingua:slovacco
Soggetti:
Tags: Aggiungi Tag
Nessun Tag, puoi essere il primo ad aggiungerne!!

MARC

LEADER 00000naa a2200000 4500
001 r021241
005 20221208113710.8
041 0 |a slo 
044 |a SK 
245 1 0 |a Malá encyklopédia poistenia a poisťovníctva s cudzojazyčnými ekvivalentami  |c Barbora Drugdová 
520 |a Recenzia publikácie: Chovan, Pavel - Čejková, Viktória: Malá encyklopédia poistenia a poisťovníctva s cudzojazyčnými ekvivalentami (Bratislava, Elita1995. 352 s.). Vysvetlenie základnej terminológie - 1 500 odborných hesiel z oblasti poisťovníctva a príbuzných odborov. Prvá časť je výkladová, druhá časť obsahuje heslá v piatich jazykových mutáciách (slovenskej, českej, nemeckej, anglickej a francúzskej). 
610 2 0 |a recenzie 
610 2 0 |a poisťovníctvo 
610 2 0 |a poistenie 
610 2 0 |a encyklopédie 
610 2 0 |a terminológia 
610 2 0 |a pojmy 
100 1 |a Drugdová, Barbora